Middle Africa Map Quiz - Statistics

General Stats
  • This quiz has been taken 623 times
  • The average score is 8 of 11
Answers on the Map
Answers color-coded by a green-red scale on the quiz's map according to % correct below.
 
Answer Stats
Answer % Correct
São Tomé and Príncipe
81%
D.R. Congo
79%
Equatorial Guinea
75%
Rep. of the Congo
72%
Kenya
71%
Gabon
66%
Tanzania
65%
Burundi
64%
Angola (Cabinda)
63%
Rwanda
61%
Uganda
61%
No matching quizzes found
Score Distribution
Percent of People with Each Score
Percentile by Number Answered
Your Score History
You have not taken this quiz